000 00312nam a22001337a 4500
008 180918b xxu||||| |||| 00| 0 eng d
020 _a0316364010
041 _aeng
080 _a616.12
100 _a7
101 _aKAR
245 _aManual Clinical Problems In Cardiology
_cHillisL.D
942 _2udc
_cBK
999 _c47907
_d47907